LEADER 00821nam0-22002891i-450- 001 990004907860403321 005 19990530 010 $a0-7131-5783-6 035 $a000490786 035 $aFED01000490786 035 $a(Aleph)000490786FED01 035 $a000490786 100 $a19990530g19759999km-y0itay50------ba 101 0 $aita 105 $ay-------001yy 200 1 $a<>Tragedy of Jane Shore$fNicholas Rowe$gedited by Harry William Pedicord 210 $aLondon$cEdward Arnold$d1975. 215 $aXXVII, 97 p.$d21 cm 700 1$aRowe,$bNicholas$0127426 702 1$aPedicord,$bHarry William 801 0$aIT$bUNINA$gRICA$2UNIMARC 901 $aBK 912 $a990004907860403321 952 $aRL 120$bFil. Mod. 28483$fFLFBC 959 $aFLFBC 996 $aTragedy of Jane Shore$9525295 997 $aUNINA LEADER 02879nam 2200637Ia 450 001 9910454221903321 005 20200520144314.0 010 $a1-281-81287-0 010 $a9786611812874 010 $a0-8261-2505-0 035 $a(CKB)1000000000576826 035 $a(EBL)423409 035 $a(OCoLC)437109779 035 $a(SSID)ssj0000169565 035 $a(PQKBManifestationID)11161698 035 $a(PQKBTitleCode)TC0000169565 035 $a(PQKBWorkID)10214887 035 $a(PQKB)11757517 035 $a(MiAaPQ)EBC423409 035 $a(Au-PeEL)EBL423409 035 $a(CaPaEBR)ebr10265533 035 $a(CaONFJC)MIL181287 035 $a(EXLCZ)991000000000576826 100 $a20060605d2007 uy 0 101 0 $aeng 135 $aurcn||||||||| 181 $ctxt 182 $cc 183 $acr 200 10$aHealth professionals style manual$b[electronic resource] /$fShirley Fondiller, Barbara J. Nerone 205 $a2nd ed. 210 $aNew York $cSpringer Pub.$dc2007 215 $a1 online resource (166 p.) 300 $aRev. ed. of: Health professionals stylebook, c1993. 311 $a0-8261-0207-7 320 $aIncludes bibliographical references (p. 141-142) and index. 327 $aContents; Preface; Foreword; 1. Style and Substance: The Dynamic Duo; 2. From Principles to Practice: The Art of Effective Writing; 3. Understanding Usage: An Alphabetical Guide to Specific Writing Tips and Pitfalls; 4. Be Clear and Direct: How to Avoid Redundancies, Euphemisms, and Cliche?s; 5. Harness the Potential of Computers and the Internet; Appendices; References for Further Reading; Index 330 $aNow you can learn and apply the basic principles of writing style, composition, grammar, word usage, and misusage, to the field of health care. With the Health Professionals Style Manual you will learn to improve your message and communicate more effectively. With up-to-date resources and references, these are just some of the rules and tools you will learn to use in your own writing:.: Style and Substance.; Art of Effective Writing.; Tips and Pitfalls.; Redundancies, Euphemisms, and Cliches.; Computers and the Internet.; Common Abbreviations and Acronyms.; Commonly Misspelled Words.; Using Pr 606 $aMedical writing$vHandbooks, manuals, etc 606 $aMedical publishing$vHandbooks, manuals, etc 608 $aElectronic books. 615 0$aMedical writing 615 0$aMedical publishing 676 $a808 676 $a808.06661 676 $a808/.06661 700 $aFondiller$b Shirley H$01035082 701 $aNerone$b Barbara J$01035083 701 $aFondiller$b Shirley H$01035082 801 0$bMiAaPQ 801 1$bMiAaPQ 801 2$bMiAaPQ 906 $aBOOK 912 $a9910454221903321 996 $aHealth professionals style manual$92454594 997 $aUNINA